Normal view
MARC view
Entry Término temático
001 - NÚMERO DE CONTROL
- campo de control: 57879
003 - IDENTIFICADOR DEL NÚMERO DE CONTROL
- campo de control: OSt
005 - FECHA Y HORA DE LA ÚLTIMA TRANSACCIÓN
- campo de control: 20200615034926.0
008 - DATOS DE LONGITUD FIJA
- campo de control de longitud fija: 200615|| aca||aabn | a|a d
040 ## - FUENTE DE LA CATALOGACIÓN
- Centro catalogador/agencia de origen: OSt
- Centro/agencia transcriptor: OSt
150 ## - ENCABEZAMIENTO--TÉRMINO DE MATERIA
- Término de materia o nombre geográfico como elemento de entrada: TARIFA ADUANERA
- Subdivisión geográfica: REPUBLICA DOMINICANA
670 ## - FUENTE DE DATOS ENCONTRADOS
- Cita de la fuente: Work cat.: (OSt)30984: República Dominicana Oficina del Controlador y Receptor General de Aduanas 57877, Annual report dominican customs receivership under The American-Dominican Convention 1907 [and 1924]., 1908-.
